Działania matematyczne #5 - Statystyki

Ogólne statystyki
  • Ten quiz został rozwiązany 65 razy
    35 od ostatniego zresetowania
  • Średni wynik to 15 z 15
Statystyki odpowiedzi
Działanie Wynik % Poprawnych
87+17 104
100%
18*6 108
100%
39/3 13
100%
107+45 152
100%
64*3 192
100%
32/16 2
100%
99-65 34
100%
50*7 350
100%
2^2 4
100%
90/2 45
100%
7^2 49
100%
40/8 5
100%
12*6 72
100%
63/9 7
97%
4^4 16
53%
Nie znaleziono quizów pasujących do podanych kryteriów
Rozkład punktacji
Procent ludzi z każdym wynikiem
Percentyl według liczby udzielonych odpowiedzi
Twoja historia wyników
Nie rozwiązałeś tego quizu od ostatniego zresetowania